| 000 | 00718nam a22002173a 4500 | ||
|---|---|---|---|
| 005 | 20240920063920.0 | ||
| 008 | 011017s1995 ea r 000 0 eng d | ||
| 020 | _a0792335104 | ||
| 035 | _aUPN01000113161 | ||
| 049 | _aCG | ||
| 050 | 4 |
_aLC5215 _bL5.4 |
|
| 245 | 0 | 0 |
_aLifelong education = Educación permanente / _ced. Paul Bélanger. |
| 260 |
_aDordrecht, Netherlands : _bKluwer Academic, _cc1995. |
||
| 300 | _ap. [191] -398 | ||
| 500 | _aReprinted from: International review of education, volumen 40 (1994), issues 3-5 | ||
| 650 | 4 |
_aEducación permanente _97280 |
|
| 650 | 4 |
_aEducación de adultos _9956 |
|
| 700 | 1 |
_aBélanger, Paul, _d1939- _eed. _932526 |
|
| 740 | 0 | _aEducación permanente | |
| 905 | _aLibro | ||
| 999 |
_c87069 _d87069 |
||